000 00499nam a2200169Ia 4500
999 _c16500
_d16500
082 _aTS.0722
100 _aSahasrabudhe, Nandini
245 0 _aLife in ancient India as depicted in the Kushana art of Mathura
260 _c1974
_bNagpur University
300 _a169p. + C D - 58
650 _aINDIA - SOCIAL CONDITIONS
650 _aINDIA - HISTORY - SOURCES
650 _aART, KUSHAN - UTTAR PRADESH - MATHURA
650 _aKUSHAN ART//ART, KUSHAN
710 _aDeo, S.B.
942 _cTH
_2ddc